000 00365nam a2200145 i 4500
001 bg
100 1 _aABRAMOWITZ, Milton
245 0 _aHandbook of Mathematical Functions /
_cMilton Abramowitz, A.Irene Stegun.
260 _aNew York.
700 1 _aSTEGUN, Irene A.
040 _cBPK
041 _apol
942 _cKS
008 s pl f |000 0 pol
999 _c18321
_d18321
856 _uhttp://koha.tu.koszalin.pl/cgi-bin/koha/opac-detail.pl?biblionumber=18321
_yKatalog online BPK